[Event "Mitropa Cup 35th"]
[Site "Prague"]
[Date "2016.06.24"]
[Round "6.4"]
[White "Marek, Matyas"]
[Black "Sermier, Guillaume"]
[Result "1-0"]
[WhiteElo "2418"]
[BlackElo "2376"]
[PlyCount "83"]
[EventDate "2016.06.19"]
[EventType "team-tourn"]
[EventRounds "9"]
[EventCountry "CZE"]
[SourceTitle "CBM 173 Extra"]
[Source "ChessBase"]
[SourceDate "2016.08.29"]
[SourceVersion "1"]
[SourceVersionDate "2016.08.29"]
[SourceQuality "1"]
[WhiteTeam "Czech Republic II"]
[BlackTeam "Switzerland"]
[WhiteTeamCountry "CZE"]
[BlackTeamCountry "SUI"]

1. e4 e6 2. d4 d5 3. Nc3 Bb4 4. e5 Ne7 5. a3 Bxc3+ 6. bxc3 c5 7. Nf3 Qc7 8. h4 b6 9. Bb5+ Bd7 10. Bd3 Ba4 11. 0-0 c4 12. Be2 Nbc6 13. h5 h6 14. Re1 0-0-0 15. Nh2 Qd7 16. Bg4 Qe8 17. Bf4 Qg8 18. Nf1 Kb7 19. Ne3 Qh7 20. Bg3 Rhg8 21. Rc1 Rdf8 22. Bh4 g5 23. Bg3 Qg7 24. Bh3 Rd8 25. Qd2 Rh8 26. Re2 Qh7 27. f4 Nf5 28. Nxf5 exf5 29. fxg5 hxg5 30. Qxg5 Rdg8 31. Qf4 Qxh5 32. Re3 Rg5 33. Rf1 Bxc2 34. e6 Ka6 35. exf7 Be4 36. Qd6 Qxf7 37. Qxc6 Rg6 38. Qa4+ Kb7 39. Rxe4 dxe4 40. Bxf5 Rf6 41. Bxe4+ Kc8 42. Rxf6 1-0

[Event "SUI-chT"]
[Site "Switzerland"]
[Date "2015.10.11"]
[Round "9.1"]
[White "Klauser, Markus"]
[Black "Sermier, Guillaume"]
[Result "1/2-1/2"]
[WhiteElo "2395"]
[BlackElo "2400"]
[PlyCount "86"]
[EventDate "2015.03.29"]
[EventType "team-tourn"]
[EventRounds "9"]
[EventCountry "SUI"]
[SourceTitle "EXT 2017"]
[Source "ChessBase"]
[SourceDate "2016.10.25"]
[SourceVersion "1"]
[SourceVersionDate "2016.10.25"]
[SourceQuality "1"]
[WhiteTeam "Bern Schwarz Weiss"]
[BlackTeam "Neuchatel"]
[WhiteTeamCountry "SUI"]
[BlackTeamCountry "SUI"]

1. e4 e6 2. d4 d5 3. Nc3 Bb4 4. e5 Ne7 5. a3 Bxc3+ 6. bxc3 c5 7. Qg4 Nf5 8. Bd3 h5 9. Qf4 Qc7 10. Ne2 Ne7 11. dxc5 Nd7 12. Qg3 Qxe5 13. Bf4 h4 14. Bxe5 hxg3 15. Bxg3 Nxc5 16. Nd4 Bd7 17. Rb1 Rc8 18. Kd2 f6 19. Nb5 Bxb5 20. Rxb5 b6 21. f3 Kf7 22. Bf2 Nb7 23. h3 Nd6 24. Rb4 Nc6 25. Ra4 Na5 26. Rb1 Ndc4+ 27. Kc1 Rc6 28. Rb5 Nd6 29. Rbxa5 bxa5 30. Rxa5 a6 31. Ra4 Nc4 32. Rb4 Rhc8 33. a4 Ne5 34. Rb7+ Kg8 35. Be1 Nxd3+ 36. cxd3 R8c7 37. Rb8+ Kf7 38. Kb2 e5 39. Kb3 Ke6 40. Kb4 Rc8 41. Rb7 R8c7 42. Rb8 Rc8 43. Rb7 R8c7 1/2-1/2

[Event "SUI-ch op"]
[Site "Leukerbad"]
[Date "2015.07.13"]
[Round "5"]
[White "Sermier, Guillaume"]
[Black "Fuchs, Judith"]
[Result "0-1"]
[WhiteElo "2414"]
[BlackElo "2286"]
[PlyCount "86"]
[EventDate "2015.07.09"]
[EventType "swiss"]
[EventRounds "9"]
[EventCountry "SUI"]
[SourceTitle "EXT 2019"]
[Source "ChessBase"]
[SourceDate "2018.10.10"]
[SourceVersion "1"]
[SourceVersionDate "2018.10.10"]
[SourceQuality "1"]

1. Nf3 Nf6 2. c4 g6 3. Nc3 Bg7 4. e4 d6 5. d4 0-0 6. Be2 e5 7. d5 Na6 8. 0-0 Nc5 9. Qc2 a5 10. Bg5 h6 11. Be3 b6 12. Nd2 Bg4 13. f3 Bd7 14. b3 Nh5 15. Rfe1 Bf6 16. Bf1 Bg5 17. a3 Bxe3+ 18. Rxe3 Qg5 19. Rae1 f5 20. b4 f4 21. R3e2 Nb7 22. Rf2 Qd8 23. Nb5 g5 24. Nb3 a4 25. Nc1 Nf6 26. Be2 Rf7 27. Nd3 Rg7 28. Nb2 h5 29. Nxa4 g4 30. fxg4 hxg4 31. g3 Rxa4 32. Qxa4 Nxe4 33. Rg2 f3 34. Bd3 Nc3 35. Qa7 Nxb5 36. cxb5 fxg2 37. Qxb7 Be8 38. Qa6 Rf7 39. Qa4 Qf6 40. Qc2 e4 41. Kxg2 Qf3+ 42. Kg1 exd3 43. Qd2 Kh7 0-1

[Event "SUI-ch op"]
[Site "Leukerbad"]
[Date "2015.07.11"]
[Round "3"]
[White "Sermier, Guillaume"]
[Black "Botta, Gabriele"]
[Result "1/2-1/2"]
[WhiteElo "2414"]
[BlackElo "2312"]
[PlyCount "51"]
[EventDate "2015.07.09"]
[EventType "swiss"]
[EventRounds "9"]
[EventCountry "SUI"]
[SourceTitle "EXT 2019"]
[Source "ChessBase"]
[SourceDate "2018.10.10"]
[SourceVersion "1"]
[SourceVersionDate "2018.10.10"]
[SourceQuality "1"]

1. e4 c6 2. Nc3 d5 3. Nf3 dxe4 4. Nxe4 Nf6 5. Ng3 h5 6. h3 e6 7. d4 Bd6 8. Bd3 Nbd7 9. 0-0 Qc7 10. Ne4 Nxe4 11. Bxe4 Nf6 12. Bd3 Bd7 13. c4 c5 14. dxc5 Bxc5 15. a3 Bc6 16. Qe2 0-0-0 17. b4 Ng4 18. Be4 Bxe4 19. Qxe4 Nxf2 20. Rxf2 Rd1+ 21. Ne1 Bxf2+ 22. Kxf2 Qd7 23. Nf3 f6 24. Rb1 e5 25. Be3 Rxb1 26. Qxb1 1/2-1/2

[Event "SUI-ch op"]
[Site "Leukerbad"]
[Date "2015.07.10"]
[Round "2"]
[White "Bucher, Michael"]
[Black "Sermier, Guillaume"]
[Result "1/2-1/2"]
[WhiteElo "2243"]
[BlackElo "2414"]
[PlyCount "65"]
[EventDate "2015.07.09"]
[EventType "swiss"]
[EventRounds "9"]
[EventCountry "SUI"]
[SourceTitle "EXT 2019"]
[Source "ChessBase"]
[SourceDate "2018.10.10"]
[SourceVersion "1"]
[SourceVersionDate "2018.10.10"]
[SourceQuality "1"]

1. d4 d5 2. Nf3 c6 3. c4 dxc4 4. a4 Nf6 5. Nc3 g6 6. e4 Be6 7. h3 Na6 8. Ne5 Nb4 9. Be3 a5 10. Nxc4 Bg7 11. Be2 0-0 12. 0-0 Bxc4 13. Bxc4 Qd7 14. Qe2 Ne8 15. Rfd1 Nc7 16. Rac1 e6 17. Bb3 Kh8 18. Bf4 Qe7 19. Bxc7 Qxc7 20. e5 Qe7 21. Ne4 Rad8 22. Qe3 b6 23. g3 Rd7 24. h4 Rfd8 25. Kg2 h5 26. Kh3 Qf8 27. Kg2 Bh6 28. f4 Bg7 29. Kh3 Qe7 30. Ng5 Bh6 31. Ne4 Bg7 32. Ng5 Bh6 33. Ne4 1/2-1/2

[Event "SUI-chT"]
[Site "Switzerland"]
[Date "2015.06.28"]
[Round "5.1"]
[White "Bauer, Christian"]
[Black "Sermier, Guillaume"]
[Result "1-0"]
[WhiteElo "2637"]
[BlackElo "2400"]
[PlyCount "89"]
[EventDate "2015.03.29"]
[EventType "team-tourn"]
[EventRounds "9"]
[EventCountry "SUI"]
[SourceTitle "EXT 2016"]
[Source "ChessBase"]
[SourceDate "2015.10.08"]
[SourceVersion "1"]
[SourceVersionDate "2015.10.08"]
[SourceQuality "1"]
[WhiteTeam "Zuerich"]
[BlackTeam "Neuchatel"]
[WhiteTeamCountry "SUI"]
[BlackTeamCountry "SUI"]

1. e4 e5 2. Nf3 Nc6 3. Bb5 Nf6 4. Nc3 Bb4 5. 0-0 0-0 6. d3 Bxc3 7. bxc3 d6 8. Re1 Bd7 9. Bg5 h6 10. Bh4 Ne7 11. Rb1 g5 12. Bg3 Bg4 13. h3 Bh5 14. d4 Ng6 15. dxe5 Bxf3 16. Qxf3 dxe5 17. Bc4 b6 18. Qf5 Kg7 19. Bxe5 Nxe5 20. Qxe5 Re8 21. Qf5 Qd7 22. Qf3 Re5 23. Re3 Rae8 24. Rbe1 Qa4 25. Qe2 Nxe4 26. Qd3 Qc6 27. f3 Nc5 28. Qd4 f6 29. Rxe5 Rxe5 30. Rxe5 fxe5 31. Qxe5+ Kf8 32. h4 gxh4 33. Qf4+ Ke7 34. Qxh4+ Qf6 35. Qd4 Na4 36. Qe4+ Kd6 37. Bb5 Nxc3 38. Qc6+ Ke7 39. Qxc7+ Kf8 40. Qb8+ Kg7 41. Qxa7+ Kg6 42. Bd3+ Kg5 43. g3 Qd4+ 44. Kg2 Nd5 45. Qf7 1-0

[Event "Mitropa Cup 34th"]
[Site "Zillertal"]
[Date "2015.06.22"]
[Round "9.1"]
[White "Repka, Christopher"]
[Black "Sermier, Guillaume"]
[Result "1-0"]
[WhiteElo "2414"]
[BlackElo "2414"]
[PlyCount "53"]
[EventDate "2015.06.14"]
[EventType "team-tourn"]
[EventRounds "9"]
[EventCountry "AUT"]
[SourceTitle "CBM 167 Extra"]
[Source "ChessBase"]
[SourceDate "2015.09.14"]
[SourceVersion "1"]
[SourceVersionDate "2015.09.14"]
[SourceQuality "1"]
[WhiteTeam "Slovakia"]
[BlackTeam "Switzerland"]
[WhiteTeamCountry "SVK"]
[BlackTeamCountry "SUI"]

1. d4 e6 2. c4 Nf6 3. Nf3 Bb4+ 4. Bd2 a5 5. Nc3 b6 6. e3 Bb7 7. Bd3 0-0 8. 0-0 Bxc3 9. Bxc3 Ne4 10. Bxe4 Bxe4 11. d5 f6 12. Nh4 Qe8 13. Qg4 Bg6 14. e4 Na6 15. Rae1 Nc5 16. f4 Bxe4 17. f5 exd5 18. cxd5 Qe7 19. Re3 Rfe8 20. Bd4 c6 21. Ng6 hxg6 22. fxg6 Qd6 23. Rh3 Qxd5 24. Rh8+ Kxh8 25. Qh3+ Kg8 26. Qh7+ Kf8 27. Bxf6 1-0

[Event "Mitropa Cup 34th"]
[Site "Zillertal"]
[Date "2015.06.18"]
[Round "5.1"]
[White "Barbot, Pierre"]
[Black "Sermier, Guillaume"]
[Result "1/2-1/2"]
[WhiteElo "2463"]
[BlackElo "2414"]
[PlyCount "77"]
[EventDate "2015.06.14"]
[EventType "team-tourn"]
[EventRounds "9"]
[EventCountry "AUT"]
[SourceTitle "CBM 167 Extra"]
[Source "ChessBase"]
[SourceDate "2015.09.14"]
[SourceVersion "1"]
[SourceVersionDate "2015.09.14"]
[SourceQuality "1"]
[WhiteTeam "France"]
[BlackTeam "Switzerland"]
[WhiteTeamCountry "FRA"]
[BlackTeamCountry "SUI"]

1. d4 Nf6 2. c4 e6 3. Nf3 Bb4+ 4. Nbd2 b6 5. a3 Bxd2+ 6. Qxd2 Bb7 7. e3 0-0 8. Be2 d6 9. 0-0 Nbd7 10. b3 Ne4 11. Qc2 f5 12. Bb2 Qe7 13. Rad1 a5 14. d5 e5 15. Ne1 g6 16. f3 Nef6 17. e4 f4 18. Nd3 g5 19. b4 axb4 20. axb4 Rfb8 21. Ra1 Nf8 22. c5 bxc5 23. bxc5 Bc8 24. Bc3 Ng6 25. Nb4 Bd7 26. cxd6 cxd6 27. Rxa8 Rxa8 28. Ra1 Rxa1+ 29. Bxa1 Qd8 30. Bc3 Qb6+ 31. Kh1 g4 32. Be1 gxf3 33. gxf3 Kf7 34. Qc3 h6 35. Nc2 Ne8 36. Kg2 h5 37. Bf2 Bh3+ 38. Kg1 Qd8 39. Ne1 1/2-1/2

[Event "SUI-chT"]
[Site "Switzerland"]
[Date "2015.04.26"]
[Round "3.1"]
[White "Sokolov, Andrei"]
[Black "Sermier, Guillaume"]
[Result "1/2-1/2"]
[WhiteElo "2545"]
[BlackElo "2400"]
[PlyCount "64"]
[EventDate "2015.03.29"]
[EventType "team-tourn"]
[EventRounds "9"]
[EventCountry "SUI"]
[SourceTitle "EXT 2016"]
[Source "ChessBase"]
[SourceDate "2015.10.08"]
[SourceVersion "1"]
[SourceVersionDate "2015.10.08"]
[SourceQuality "1"]
[WhiteTeam "Geneve"]
[BlackTeam "Neuchatel"]
[WhiteTeamCountry "SUI"]
[BlackTeamCountry "SUI"]

1. e4 e5 2. Nf3 Nc6 3. Bb5 Nf6 4. d3 Bc5 5. Bxc6 dxc6 6. Bg5 Qd6 7. Nbd2 Be6 8. Bh4 Nd7 9. Ng5 f6 10. Nxe6 Qxe6 11. Nb3 0-0-0 12. f3 Qd6 13. Qd2 Bb6 14. Na5 Bxa5 15. Qxa5 a6 16. Bf2 Nf8 17. Qc5 Qxc5 18. Bxc5 Ne6 19. Be3 c5 20. b3 b6 21. Ke2 Nd4+ 22. Bxd4 cxd4 23. Raf1 Rhe8 24. f4 exf4 25. Rxf4 Re5 26. Rhf1 Rde8 27. Rf5 Kd7 28. g4 Kd6 29. h4 Rxf5 30. gxf5 h5 31. Rg1 Re7 32. a4 a5 1/2-1/2

[Event "SUI-chT"]
[Site "Switzerland"]
[Date "2015.04.25"]
[Round "2.1"]
[White "Gheorghiu, Florin"]
[Black "Sermier, Guillaume"]
[Result "1/2-1/2"]
[WhiteElo "2363"]
[BlackElo "2400"]
[PlyCount "62"]
[EventDate "2015.03.29"]
[EventType "team-tourn"]
[EventRounds "9"]
[EventCountry "SUI"]
[SourceTitle "EXT 2016"]
[Source "ChessBase"]
[SourceDate "2015.10.08"]
[SourceVersion "1"]
[SourceVersionDate "2015.10.08"]
[SourceQuality "1"]
[WhiteTeam "Echallens"]
[BlackTeam "Neuchatel"]
[WhiteTeamCountry "SUI"]
[BlackTeamCountry "SUI"]

1. d4 e6 2. Nf3 Nf6 3. c4 b6 4. g3 Bb4+ 5. Bd2 a5 6. Bg2 Bb7 7. 0-0 0-0 8. Bg5 Be7 9. Bxf6 Bxf6 10. Nc3 d6 11. Qd2 Nd7 12. Rad1 g6 13. Rfe1 Bg7 14. Nh4 Bxg2 15. Nxg2 e5 16. dxe5 Nxe5 17. Ne3 Qd7 18. f4 Ng4 19. Nxg4 Qxg4 20. Nd5 Qd7 21. b3 Rfe8 22. Qd3 Re6 23. e4 Rae8 24. Re2 Qd8 25. Rde1 c6 26. Nc3 Qe7 27. Kg2 Bxc3 28. Qxc3 f5 29. e5 dxe5 30. Rxe5 Rxe5 31. Rxe5 Qd7 1/2-1/2

[Event "SUI-chT"]
[Site "Switzerland"]
[Date "2014.06.29"]
[Round "5.2"]
[White "Flueckiger, Christian"]
[Black "Sermier, Guillaume"]
[Result "1/2-1/2"]
[WhiteElo "2356"]
[BlackElo "2426"]
[PlyCount "110"]
[EventDate "2014.03.16"]
[EventType "team-tourn"]
[EventRounds "9"]
[EventCountry "SUI"]
[SourceTitle "EXT 2015"]
[Source "ChessBase"]
[SourceDate "2014.11.20"]
[SourceVersion "1"]
[SourceVersionDate "2014.11.20"]
[SourceQuality "1"]
[WhiteTeam "Trubschachen"]
[BlackTeam "Geneve"]
[WhiteTeamCountry "SUI"]
[BlackTeamCountry "SUI"]

1. e4 e6 2. d4 d5 3. Nd2 c5 4. c3 Nc6 5. Ngf3 Nf6 6. Bd3 cxd4 7. cxd4 Qb6 8. exd5 exd5 9. 0-0 Be7 10. Re1 Bg4 11. Qa4 0-0 12. Ne5 Be6 13. Nxc6 bxc6 14. Nb3 Bb4 15. Re2 Bd7 16. Nc5 Bxc5 17. dxc5 Qxc5 18. Bg5 Ne4 19. Rc1 Qb6 20. Be3 Qc7 21. Bxe4 dxe4 22. Qxe4 Rfe8 23. Qf3 Qa5 24. a3 Qd5 25. Qg3 Qe5 26. Rd2 Qxg3 27. hxg3 Be6 28. Rxc6 a5 29. f3 a4 30. Kf2 Rac8 31. Rcd6 Bb3 32. Bd4 Rc2 33. Rxc2 Bxc2 34. g4 h6 35. Rd5 Bb3 36. Rc5 Rd8 37. Ke3 Kh7 38. g5 hxg5 39. Rxg5 f6 40. Rb5 Rd7 41. Kd3 Bd1 42. Rb4 Kg6 43. Kd2 Bb3 44. Kc3 Rc7+ 45. Kd3 Bc2+ 46. Kd2 Bb3 47. g4 Kf7 48. f4 Ke6 49. f5+ Kd5 50. Bc3 Rc4 51. Ke3 Rxb4 52. axb4 Kc4 53. Be1 Bd1 54. Kf4 Be2 55. Bc3 Kb3 1/2-1/2

[Event "SUI-chT"]
[Site "Switzerland"]
[Date "2013.10.13"]
[Round "9.3"]
[White "Hochstrasser, Michael"]
[Black "Sermier, Guillaume"]
[Result "1/2-1/2"]
[WhiteElo "2360"]
[BlackElo "2427"]
[PlyCount "89"]
[EventDate "2013.03.17"]
[EventType "team-tourn"]
[EventRounds "9"]
[EventCountry "SUI"]
[SourceTitle "EXT 2014"]
[Source "ChessBase"]
[SourceDate "2013.11.20"]
[SourceVersion "1"]
[SourceVersionDate "2013.11.20"]
[SourceQuality "1"]
[WhiteTeam "Wollishofen"]
[BlackTeam "Geneve"]
[WhiteTeamCountry "SUI"]
[BlackTeamCountry "SUI"]

1. d4 Nf6 2. c4 e6 3. Nc3 Bb4 4. e3 b6 5. Nge2 Ba6 6. a3 Be7 7. Nf4 d5 8. cxd5 Bxf1 9. Kxf1 Nxd5 10. Ncxd5 exd5 11. Qh5 c6 12. Ne6 g6 13. Qe5 Bf6 14. Nxd8+ Bxe5 15. Nxc6 Nxc6 16. dxe5 Nxe5 17. Bd2 Ke7 18. Bc3 f6 19. Ke2 Ke6 20. Rhc1 Rhc8 21. b3 Nc6 22. Kd2 Rc7 23. Ra2 Rac8 24. Rac2 Ne7 25. Bd4 Rxc2+ 26. Rxc2 Rxc2+ 27. Kxc2 Nf5 28. Kc3 h5 29. a4 Nxd4 30. Kxd4 a5 31. f3 Kd6 32. g4 hxg4 33. fxg4 g5 34. e4 dxe4 35. Kxe4 Ke6 36. h3 Ke7 37. Ke3 Ke6 38. Ke4 Ke7 39. Kd5 Kd7 40. Kc4 Kc6 41. b4 axb4 42. Kxb4 Kd6 43. Kb5 Kc7 44. Kb4 Kd6 45. Kb5 1/2-1/2

[Event "SUI-chT"]
[Site "Switzerland"]
[Date "2013.10.12"]
[Round "8.4"]
[White "Hickl, Joerg"]
[Black "Sermier, Guillaume"]
[Result "1-0"]
[WhiteElo "2577"]
[BlackElo "2427"]
[PlyCount "79"]
[EventDate "2013.03.17"]
[EventType "team-tourn"]
[EventRounds "9"]
[EventCountry "SUI"]
[SourceTitle "EXT 2014"]
[Source "ChessBase"]
[SourceDate "2013.11.20"]
[SourceVersion "1"]
[SourceVersionDate "2013.11.20"]
[SourceQuality "1"]
[WhiteTeam "Riehen"]
[BlackTeam "Geneve"]
[WhiteTeamCountry "SUI"]
[BlackTeamCountry "SUI"]

1. g3 d5 2. Nf3 c6 3. b3 Bg4 4. Bg2 Nd7 5. Bb2 Ngf6 6. d3 Bxf3 7. Bxf3 e5 8. 0-0 Bc5 9. e3 0-0 10. c4 d4 11. e4 a5 12. a3 b5 13. Nd2 Qb8 14. Bg2 Bd6 15. Qc2 Rd8 16. Bh3 h5 17. Bc1 Ng4 18. Rb1 Nc5 19. Nf3 Be7 20. Bd2 Ne6 21. b4 axb4 22. axb4 Qd6 23. c5 Qc7 24. Ra1 Bf6 25. Ra2 Qe7 26. Rfa1 Rxa2 27. Rxa2 Ng5 28. Bxg5 Bxg5 29. Ra6 Rc8 30. Qa2 Qf6 31. Bg2 h4 32. Qe2 hxg3 33. hxg3 Nh6 34. Bh3 Rc7 35. Kg2 Qe7 36. Ra8+ Kh7 37. Qa2 Bf6 38. Qa5 g6 39. Qb6 Bg7 40. Qxc7 1-0

[Event "SUI-chT"]
[Site "Switzerland"]
[Date "2012.10.21"]
[Round "9.3"]
[White "Sermier, Guillaume"]
[Black "Godena, Michele"]
[Result "1/2-1/2"]
[WhiteElo "2413"]
[BlackElo "2527"]
[PlyCount "94"]
[EventDate "2012.03.18"]
[EventType "team-tourn"]
[EventRounds "9"]
[EventCountry "SUI"]
[SourceTitle "EXT 2013"]
[Source "ChessBase"]
[SourceDate "2012.11.22"]
[SourceVersion "1"]
[SourceVersionDate "2012.11.22"]
[SourceQuality "1"]
[WhiteTeam "Geneve"]
[BlackTeam "Mendrisio"]
[WhiteTeamCountry "SUI"]
[BlackTeamCountry "SUI"]

1. Nf3 d5 2. g3 Nc6 3. d4 Bf5 4. a3 Nf6 5. Bg2 Qd7 6. h3 e6 7. Nbd2 Ne4 8. 0-0 Nxd2 9. Qxd2 Be4 10. b3 Be7 11. Bb2 Bf6 12. Rfd1 Rd8 13. Rac1 0-0 14. e3 Ne7 15. c4 c6 16. Qe2 Qc7 17. Bf1 Nf5 18. Ne5 Bxe5 19. dxe5 Qb6 20. b4 dxc4 21. Rxd8 Rxd8 22. Qxc4 Bd5 23. Qf4 Ne7 24. Bd4 Qc7 25. e4 Bb3 26. Bxa7 b6 27. Qe3 Qxa7 28. Qxb3 b5 29. Rd1 Qc7 30. Rxd8+ Qxd8 31. Qd3 Qxd3 32. Bxd3 g5 33. Bc2 Ng6 34. a4 bxa4 35. Bxa4 Nxe5 36. b5 cxb5 37. Bxb5 Kg7 38. Kg2 Ng6 39. Kf3 h5 40. Ke3 h4 41. gxh4 Nxh4 42. e5 Kg6 43. Ke4 Ng2 44. Bf1 Nf4 45. h4 Kh5 46. hxg5 Kxg5 47. Bb5 Nd5 1/2-1/2

[Event "SUI-chT"]
[Site "Switzerland"]
[Date "2012.09.23"]
[Round "7.6"]
[White "Sermier, Guillaume"]
[Black "Weindl, Alfred"]
[Result "1-0"]
[WhiteElo "2413"]
[BlackElo "2339"]
[PlyCount "93"]
[EventDate "2012.03.18"]
[EventType "team-tourn"]
[EventRounds "9"]
[EventCountry "SUI"]
[SourceTitle "EXT 2013"]
[Source "ChessBase"]
[SourceDate "2012.11.22"]
[SourceVersion "1"]
[SourceVersionDate "2012.11.22"]
[SourceQuality "1"]
[WhiteTeam "Geneve"]
[BlackTeam "Luzern"]
[WhiteTeamCountry "SUI"]
[BlackTeamCountry "SUI"]

1. e4 c5 2. Nf3 Nc6 3. d4 cxd4 4. Nxd4 Nf6 5. Nc3 d6 6. Bg5 e6 7. Qd2 a6 8. 0-0-0 Bd7 9. f3 h6 10. Be3 Be7 11. Kb1 b5 12. Nxc6 Bxc6 13. Ne2 e5 14. Ng3 Rc8 15. Nf5 0-0 16. Nxd6 Bxd6 17. Qxd6 Qxd6 18. Rxd6 Rfd8 19. Rxd8+ Rxd8 20. Be2 Nh5 21. Rd1 Rxd1+ 22. Bxd1 Nf4 23. Bxf4 exf4 24. Kc1 Kf8 25. Kd2 Ke7 26. Kc3 Kd6 27. Kd4 f6 28. Be2 a5 29. a3 g5 30. b4 axb4 31. axb4 h5 32. c4 bxc4 33. Bxc4 g4 34. b5 Bd7 35. b6 h4 36. fxg4 Bxg4 37. Bd5 f3 38. gxf3 Bxf3 39. Ke3 Bg4 40. Kd4 Bh3 41. Kc3 Bf1 42. Kd4 Bh3 43. Ke3 Bg4 44. Kf4 Bh3 45. b7 Kc7 46. e5 fxe5+ 47. Kg5 1-0